000 00885nam a2200229 a 4500
001 000048555
005 20201002061232.0
008 190329s2016 dr r 000 0 spa d
020 _a9789945597134
040 _aDO-SdBNP
_bspa
_cBNPHU
082 _axxxx
_bC352i
100 1 _aCastillo Cruz, Jit Manuel de la,
_d1974-
_943337
245 1 3 _aLa interculturalidad :
_bun nuevo paradigma de evangelización para un mundo postmoderno, plural y multiétnico /
_cJit Manuel Castillo de la Cruz.
260 _aSanto Domingo :
_bMSC,
_c2016.
300 _a328 p. ;
_c23 cm.
490 1 _aPensamiento y vida
_v6
500 _aIncluye datos biográficos del autor en la solapa de la cubierta
500 _aIncluye referencias bilbiográficas y notas al pie de las páginas
504 _aBibliografía : p. 319-328
590 _aInventariado, 2019/BT
830 0 _aPensamiento y vida
_n6
_976021
999 _c48043
_d48043